Back to school fright from the black lagoon / (Record no. 6287)

MARC details
000 -LEADER
fixed length control field 01164nam a22003137a 4500
001 - CONTROL NUMBER
control field 6287
003 - CONTROL NUMBER IDENTIFIER
control field FISKH
005 - DATE AND TIME OF LATEST TRANSACTION
control field 20250409113119.0
008 - FIXED-LENGTH DATA ELEMENTS--GENERAL INFORMATION
fixed length control field 250409b cb ||||| |||| 00| 0 eng d
020 ## - INTERNATIONAL STANDARD BOOK NUMBER
International Standard Book Number 9780545072212
040 ## - CATALOGING SOURCE
Original cataloging agency FISKH
Language of cataloging eng
Transcribing agency FISKH
Modifying agency FISKH
050 ## - LIBRARY OF CONGRESS CALL NUMBER
Classification number PZ7.T3 S
082 ## - DEWEY DECIMAL CLASSIFICATION NUMBER
Classification number 458
100 ## - MAIN ENTRY--PERSONAL NAME
Personal name Thaler, Mike
Dates associated with a name (1936–2024)
245 ## - TITLE STATEMENT
Title Back to school fright from the black lagoon /
Statement of responsibility, etc. By Mike Thaler ; Illustrated by Jared Lee
250 ## - EDITION STATEMENT
Edition statement This edition first published in 2008
260 ## - PUBLICATION, DISTRIBUTION, ETC.
Place of publication, distribution, etc. New York :
Name of publisher, distributor, etc. Scholastic,
Date of publication, distribution, etc. 2008
300 ## - PHYSICAL DESCRIPTION
Extent 64 pages :
Other physical details illustrations ;
Dimensions 20 cm
490 ## - SERIES STATEMENT
Series statement Black lagoon adventures
Volume/sequential designation # 13
505 ## - FORMATTED CONTENTS NOTE
Formatted contents note N<br/>
520 ## - SUMMARY, ETC.
Summary, etc. For Hubie, preparing for school is worse than actually going to class -- his mother picks out all the wrong clothes, he endures anxiety-provoking visits to the doctor and dentist, and there are rumors about a new teacher who is worse than any other.<br/>
521 8# - TARGET AUDIENCE NOTE
Target audience note 580<br/>
Source Lexile<br/>
521 8# - TARGET AUDIENCE NOTE
Target audience note N<br/>
Source Raz-Plus<br/>
650 ## - SUBJECT ADDED ENTRY--TOPICAL TERM
Source of heading or term Black Lagoon Adventures
Topical term or geographic name entry element Chapter book
650 ## - SUBJECT ADDED ENTRY--TOPICAL TERM
Source of heading or term Humor
Topical term or geographic name entry element Back to school
700 ## - ADDED ENTRY--PERSONAL NAME
Personal name Lee, Jared
Dates associated with a name illustrator
942 ## - ADDED ENTRY ELEMENTS (KOHA)
Source of classification or shelving scheme Dewey Decimal Classification
Koha item type Books
Suppress in OPAC No
Holdings
Withdrawn status Lost status Source of classification or shelving scheme Damaged status Not for loan Collection Home library Current library Shelving location Date acquired Total Checkouts Full call number Barcode Date last seen Copy number Price effective from Koha item type
    Dewey Decimal Classification     Juvenile Fiction Footprints International School Library Network Toul Tom Poung Campus Footprints International School Library Network Toul Tom Poung Campus TTP Primary Yellow Bookshelves 04/09/2025   THA 458 PZ7.T3 S 2025-1019 04/09/2025 1 04/09/2025 Books